[Event "IOM Open-Masters 2017"]
[Site "Douglas"]
[Date "2017.09.26"]
[Round "4"]
[White "Deac, Bogdan-Daniel"]
[Black "Short, Nigel D"]
[Result "1/2-1/2"]
[WhiteElo "2559"]
[BlackElo "2698"]
[Annotator "TA"]
[PlyCount "118"]
[EventDate "2017.??.??"]
[EventType "swiss"]
[EventCountry "GBR"]
[SourceTitle "playchess.com"]
[Source "ChessBase"]
[SourceQuality "1"]

{[%evp 10,118,38,15,53,33,33,36,43,30,46,21,22,14,20,16,37,43,81,35,86,42,46,60,51,46,37,23,91,89,93,87,87,87,84,83,121,107,149,72,74,72,83,78,85,94,85,73,70,70,87,87,78,75,94,58,99,79,107,44,76,20,48,45,121,112,176,111,100,53,44,0,0,0,0,-104,-120,-123,-8,-8,-19,-12,-14,-43,0,0,0,0,0,0,0,0,0,0,0,0,7,0,0,0,8,0,0,0,0,0,0,0,0,0,0]} 1. d4 d5 2. c4 e6 3. Nf3 a6 4. cxd5 exd5 5. Nc3 c6 (5... Nf6 6. Qb3 b5 7. Bg5 Be6 8. Qc2 Nbd7 9. e3 c5 10. dxc5 Bxc5 11. Bd3 h6 12. Bh4 Rc8 13. O-O O-O {½-½ (39) Gelfand,B (2728)-Mamedyarov,S (2800) Geneve 2017}) 6. Qb3 {LiveBook: 14 Games. D31: Queen's Gambit Declined: Semi-Slav without ...Nf6 (+ Marshall Gambit and Noteboom) and Exchange Variation lines without ...Nf6} b5 7. g3 $146 ({Predecessor:} 7. e4 dxe4 8. Ng5 Qe7 9. d5 Nh6 10. dxc6 Nxc6 11. Bf4 Nd4 12. Qd1 Qd7 13. Ngxe4 {1-0 (23) Colpe,M (2402)-Wenzel,B (2094) Hamburg 2017}) 7... Be7 8. Bg2 {White is slightly better.} Nf6 9. O-O O-O 10. Ne5 Qb6 11. Rd1 Be6 12. Qc2 Rc8 13. Bg5 a5 14. e3 Qd8 ({Better is} 14... Nbd7 $14) 15. Ne2 g6 16. Nf4 Bf5 17. Qe2 Nbd7 18. Nfd3 Bxd3 (18... Nxe5 $11 {remains equal.} 19. Nxe5 Nd7 20. Bxe7 Qxe7) 19. Nxd3 $16 Ne4 20. Bxe7 Qxe7 21. Rac1 Rc7 22. Rc2 f5 23. Rdc1 Qd6 24. Ne5 (24. g4 $142) 24... Rac8 25. f3 Nef6 26. f4 Nb6 27. b3 a4 28. Qd2 axb3 29. axb3 Nbd7 30. Qa5 Kg7 31. Bf3 {[%cal Bg2f3,Bf3e2,Be2d3][%mdl 32]} Nb8 32. Be2 Rb7 33. Bd3 Rcc7 34. Qc3 (34. Qe1 $16) 34... Ra7 35. Qc5 (35. h3 $16) 35... Qd8 36. Qb4 Qc8 (36... Qe7 $14 37. Qxe7+ Rxe7) 37. h3 Qe6 (37... Kg8 $16 38. Kg2 Qe6) 38. Kg2 (38. Qe1 $1 $18) 38... Nfd7 39. Kf3 c5 40. dxc5 {And now Nxd7 would win.} ({Not} 40. Qxb5 $2 Rcb7 $19) (40. Rxc5 $5 Nxc5 41. dxc5 $11) 40... Nxe5+ 41. fxe5 Nc6 $36 {[%mdl 2048] Black is pushing.} 42. Qc3 {[#]} (42. Qf4 $1 $11 {was the only way to keep the balance.}) 42... b4 $1 $17 {[%cal Rb4c3]} (42... Qxe5 $6 43. Bxb5 Qxc3 44. Rxc3 $11) 43. Qd2 {[#]} Ra3 ({But not} 43... Qxe5 44. Bb5 $11) ({Much less strong is} 43... Nxe5+ 44. Kf2 $15) (43... d4 $1 $17 44. Kf2 Qxb3) 44. Bb5 $1 $11 {[%cal Rb5c6] Threatening Bxc6.} Nxe5+ 45. Kf2 Rxb3 {Threatens to win with ...f4.} 46. c6 g5 {[%cal Bg6g5,Bg5g4][%mdl 32] Strongly threatening ...f4.} 47. Qd4 {The position is equal.} Kg6 48. Rc5 g4 49. Qxd5 Rb2+ 50. Be2 $1 Qxd5 51. Rxd5 Rxc6 52. Rxc6+ Nxc6 {[%mdl 4096] Endgame KRB-KRN} 53. Rd6+ Kg7 54. hxg4 Ne7 (54... Ne5 {feels hotter.} 55. gxf5 Ng4+ 56. Kf3 Nh2+ 57. Kf2 Ng4+) 55. gxf5 Nxf5 56. Rb6 {[#]} Nxg3 $1 {[%mdl 512]} 57. Kxg3 {Bc4 is the strong threat.} Rxe2 58. Rxb4 Rxe3+ 59. Kg4 Re7 {Precision: White = 50%, Black = 49%.} 1/2-1/2

[Event "IOM Open-Masters 2017"]
[Site "Douglas"]
[Date "2017.09.26"]
[Round "4"]
[White "Vishnu, Prasanna. V"]
[Black "Hemant, Sharma (del)"]
[Result "1-0"]
[WhiteElo "2543"]
[BlackElo "2342"]
[Annotator "TA"]
[PlyCount "87"]
[EventDate "2017.??.??"]
[EventType "swiss"]
[EventCountry "GBR"]
[SourceTitle "playchess.com"]
[Source "ChessBase"]
[SourceQuality "1"]

{[%evp 16,87,22,26,55,66,71,58,70,56,67,52,72,60,85,36,64,54,108,112,106,101,114,124,120,103,125,120,126,126,126,126,126,126,132,125,133,130,133,120,120,94,119,107,111,62,116,123,248,243,245,231,249,243,274,284,295,285,402,397,481,472,377,302,302,301,470,427,512,462,559,564,557,550]} 1. d4 d5 2. c4 e6 3. Nc3 Nf6 4. Bf4 Be7 5. e3 O-O 6. Nf3 b6 7. Bd3 dxc4 8. Bxc4 Bb7 9. O-O {LiveBook: 63 Games} Ne4 {D37: Queen's Gambit Declined: 5 Bf4} (9... Nbd7 10. Qe2 a6 11. Rfd1 b5 12. Bd3 Bd6 13. Bg5 h6 14. Bh4 c5 15. Ne4 Bxe4 16. Bxe4 Ra7 17. dxc5 Nxc5 {1-0 (26) Nakamura,H (2775)-Anand,V (2793) London 2014}) 10. Nxe4 Bxe4 11. Rc1 Bd6 $146 {White is slightly better.} ({Predecessor:} 11... c5 12. Be2 Nc6 13. dxc5 Bxc5 14. Qa4 {1-0 (39) Lim,F (1369)-Mohamad,S (1483) Dewan Astana 2015}) 12. Bg3 Bxg3 13. hxg3 Qd6 14. Ng5 Bg6 15. Be2 c6 16. Qa4 e5 (16... Rc8 $14) 17. Nf3 $16 {[%cal Bg5f3,Bf3d4,Bd4b5][%mdl 32]} exd4 18. Nxd4 Be4 19. Nb5 Qe7 20. Nc3 Bg6 21. Bf3 b5 22. Qh4 Qxh4 23. gxh4 a5 24. Rfd1 Ra6 25. Ne2 Bf5 26. Nd4 Bd7 27. Rc5 Rb6 28. Nf5 f6 29. g4 g6 30. Ng3 Kf7 ({Black should play} 30... Be6 $14) 31. g5 $36 {[%mdl 2048] Keeping Black busy.} Ke7 (31... Be6 $16) 32. Ne4 $18 fxg5 33. Re5+ ({Resist} 33. Nxg5 $6 Rf5 $16) 33... Kd8 34. Nxg5 Kc8 {Black wants to play ...h6.} 35. Re7 h6 36. Nf7 c5 (36... Rb7 $142 37. Be2 Rc7 38. Nd6+ Kd8) 37. Rd5 c4 38. Rc5+ Nc6 39. Ne5 Rxf3 40. Nxf3 {[#] Black must now prevent Ne5.} Kd8 (40... Kc7 $142 41. Ree5 Kb7) 41. Rg7 {White is clearly winning.} Ne7 42. Ne5 Be8 {[#]} 43. a4 $1 bxa4 44. Rxa5 {Precision: White = 70%, Black = 43%.} 1-0

[Event "IOM Open-Masters 2017"]
[Site "Douglas"]
[Date "2017.09.26"]
[Round "4"]
[White "Swapnil, S  Dhopade"]
[Black "Movsesian, Sergei"]
[Result "1/2-1/2"]
[WhiteElo "2532"]
[BlackElo "2671"]
[Annotator "TA"]
[PlyCount "26"]
[EventDate "2017.??.??"]
[EventType "swiss"]
[EventCountry "GBR"]
[SourceTitle "playchess.com"]
[Source "ChessBase"]
[SourceQuality "1"]

{[%evp 24,26,28,0,22]} 1. d4 Nf6 2. c4 e6 3. Nf3 d5 4. g3 Bb4+ 5. Bd2 Be7 6. Bg2 Nbd7 7. O-O c6 8. Bf4 O-O 9. Nc3 Nh5 10. Bc1 Nhf6 11. Bf4 $146 ({Predecessor:} 11. Qd3 b6 12. b3 Ba6 13. Rd1 c5 14. Nb5 Bxb5 15. cxb5 a6 16. bxa6 Qc8 17. Bb2 Qxa6 18. Qxa6 Rxa6 19. a4 Rc8 20. Rdc1 {½-½ (46) Wojtaszek,R (2733)-Adams,M (2740) Biel 2015}) 11... Nh5 12. Bc1 Nhf6 13. Bf4 Nh5 {E07: Closed Catalan: Main Line (5 Nf3 0-0 6 0-0 Nbd7)} 1/2-1/2

[Event "IOM Open-Masters 2017"]
[Site "Douglas"]
[Date "2017.09.26"]
[Round "4"]
[White "Perelshteyn, Eugene"]
[Black "Ragnarsson, Dagur"]
[Result "1-0"]
[WhiteElo "2524"]
[BlackElo "2340"]
[Annotator "TA"]
[PlyCount "79"]
[EventDate "2017.??.??"]
[EventType "swiss"]
[EventCountry "GBR"]
[SourceTitle "playchess.com"]
[Source "ChessBase"]
[SourceQuality "1"]

{[%evp 18,79,6,4,12,2,0,-2,0,-18,0,0,0,-54,-24,-19,-28,-22,-28,-15,37,17,15,-13,-2,-25,0,0,0,0,8,8,8,13,505,507,675,654,565,416,653,633,739,666,669,647,2133,1923,29989,29990,29990,29991,29991,29992,29992,29993,29993,29992,29994,29995,29995,29996,29996,29996]} 1. Nf3 Nf6 2. g3 g6 3. b3 Bg7 4. Bb2 O-O 5. Bg2 c5 6. c4 Nc6 7. O-O d6 8. d3 Bg4 9. h3 {A30: Symmetrical English: Double Fianchetto and Hedgehog} Bd7 10. Nc3 {LiveBook: 3 Games} a6 11. Qd2 {The position is equal.} Rb8 12. Nd5 e5 13. Ng5 $146 ({Predecessor:} 13. Nxf6+ Qxf6 14. Ng5 Nd4 15. Ne4 Qe7 16. Nc3 Bc6 {1-0 (61) Larsen,B (2625)-Gligoric,S (2575) Manila 1975}) 13... Nxd5 14. cxd5 Ne7 15. a3 (15. Rac1 $11) 15... Qb6 (15... Bh6 $5 {[%cal Re7f5]} 16. f4 f6 $15) 16. b4 cxb4 17. Qxb4 Qxb4 18. axb4 f5 (18... Rfd8 $11) 19. Rfc1 {Black must now prevent Rc7.} Rfc8 20. Ne6 Bh6 21. e3 Bb5 22. f4 {[%cal Bf2f4,Bf4e5,Be5d6,Bd6e7][%mdl 32]} Bxd3 23. Rxc8+ $1 Rxc8 24. fxe5 Bxe3+ 25. Kh1 $1 Rc2 $2 {[%mdl 8192]} (25... dxe5 $11 {and Black is okay.} 26. d6 Kf7) 26. exd6 $18 Rxb2 27. dxe7 {[%cal Re7e8]} Bb5 {And now ...Kf7 would win.} 28. Nc7 Kf7 (28... Bd7 $142 29. d6 Rd2 30. Bd5+ Kg7 31. Bxb7 h5 32. Rxa6 Rd1+ 33. Kg2 Rd2+ 34. Kf1 f4) 29. d6 Bd7 30. Bd5+ Kf6 {and the idea ...Ke5 leaves Black hopeful.} 31. Re1 f4 32. gxf4 Bb6 33. Be6 {White mates.} Bc6+ {[#]} 34. Nd5+ $1 Kg7 35. d7 Rxb4 36. d8=Q {[%csl Ge7][%cal Rd8f8]} Rxf4 37. Qxb6 Bxd5+ 38. Bxd5 Kh6 39. Qe3 g5 {[#]} 40. Qxf4 $1 {Precision: White = 66%, Black = 39%.} 1-0

[Event "IOM Open-Masters 2017"]
[Site "Douglas"]
[Date "2017.09.26"]
[Round "4"]
[White "Lampert, Jonas"]
[Black "Sutovsky, Emil"]
[Result "0-1"]
[WhiteElo "2514"]
[BlackElo "2683"]
[Annotator "TA"]
[PlyCount "102"]
[EventDate "2017.??.??"]
[EventType "swiss"]
[EventCountry "GBR"]
[SourceTitle "playchess.com"]
[Source "ChessBase"]
[SourceQuality "1"]

{[%evp 16,102,39,29,43,48,44,56,56,58,86,59,58,-22,-47,-152,-141,-180,0,-229,-228,-313,-271,-279,0,-272,0,-264,-204,-203,-148,-194,-2,0,0,-104,0,0,0,0,0,0,0,0,0,0,0,0,0,0,0,0,0,-51,0,0,0,-45,-45,-51,-32,-76,-76,-66,-64,-56,-73,-135,-140,-216,-153,-155,-168,-375,-366,-388,-388,-381,-377,-353,-362,-587,-553,-6179,-883,-6118,-6095,-29996,-29997]} 1. e4 c5 2. Nf3 d6 3. d4 cxd4 4. Nxd4 Nf6 5. Nc3 Nc6 6. Bg5 e6 7. Qd3 Bd7 8. O-O-O a6 9. Be2 h6 {B62: Sicilian: Richter-Rauzer: 6...e6: Unusual White 7th moves} 10. Bh4 Ne5 $146 ({Predecessor:} 10... Rc8 11. Nxc6 Bxc6 12. Kb1 Be7 13. Qe3 Qa5 14. Bg3 d5 15. e5 Ne4 16. Nxe4 dxe4 17. c4 {1-0 (35) Zelcic,R (2540)-Damljanovic,B (2587) Istanbul 2003}) 11. Qe3 $1 g5 {White is slightly better.} 12. Bg3 b5 {[%cal Bb7b5,Bb5b4][%mdl 32]} 13. Nf3 Neg4 14. Qd3 (14. Qd4 $14 e5 15. Qd3) 14... b4 $11 15. Nd5 (15. Nb1 $15) 15... exd5 $17 16. exd5 Qa5 $2 ({Black should play} 16... Bg7 $19 {...0-0 is the strong threat.} 17. h3 Ne5 $1 {[%mdl 512]} 18. Nxe5 dxe5 19. Bxe5 O-O) 17. Kb1 $2 (17. Rhe1 $1 $11 {and White stays safe.}) 17... Bg7 $1 $19 18. h3 Bb5 19. Qf5 Bd7 (19... Bxe2 20. Rhe1 $17) 20. Qd3 Bb5 21. Qf5 $1 Ne3 (21... Bxe2 22. Rhe1 $17) 22. fxe3 {And now Bxb5+ would win.} Bxe2 23. Bxd6 Bxd1 $2 (23... Qb6 $1 $19 {[%cal Rb6d6]} 24. Qe5+ Kd7 25. Qe7+ Kc8 26. Qxf7 Qxd6 27. Qxg7 Rg8) 24. Rxd1 $11 Rd8 $1 {[%cal Rd8d6]} 25. Qe5+ Kd7 26. Be7 $1 {[%cal Re7f6]} Rhe8 27. Qd6+ Kc8 28. Qc6+ Qc7 29. Qxa6+ Qb7 30. Qc4+ Qc7 31. Qa6+ Qb7 32. Qc4+ Kb8 33. Bxd8 Rxd8 34. e4 (34. Nd4 $11 Rxd5 35. Rd3) 34... Nd7 (34... Rc8 $1 $15 35. Qd4 Re8) 35. Nd4 Ne5 36. Qf1 Qb6 37. Nf5 Bf8 $1 38. Qe1 Kb7 39. Qg3 f6 40. Qb3 h5 41. Nd4 {[#]} (41. g3 $142) 41... Rc8 $1 $17 42. Nf5 {[#]} (42. c3 $17) 42... Nc4 $1 $40 {[%cal Rc4d2][%mdl 128] Hoping for ...Nd2+! Black goes for the king.} 43. Qd3 {[#]} Na3+ $1 {[%mdl 512]} 44. bxa3 $2 (44. Ka1 Nxc2+ 45. Kb1) 44... Rc3 45. Qd4 Bc5 46. Nd6+ Qxd6 47. Qd2 Be3 ({Less strong is} 47... Rxa3 48. Qe2 $19) 48. Qe1 $2 (48. Qe2 bxa3 49. Qb5+ Qb6 50. Qxb6+ Bxb6 51. Rd3) 48... Qc5 49. axb4 Qxb4+ 50. Ka1 Bd4 51. Qd2 Rd3+ {Precision: White = 37%, Black = 75%.} 0-1

[Event "IOM Open-Masters 2017"]
[Site "Douglas"]
[Date "2017.09.26"]
[Round "4"]
[White "Praggnanandhaa, R."]
[Black "Harari, Zaki"]
[Result "1-0"]
[WhiteElo "2500"]
[BlackElo "2027"]
[Annotator "TA"]
[PlyCount "61"]
[EventDate "2017.??.??"]
[EventType "swiss"]
[EventCountry "GBR"]
[SourceTitle "playchess.com"]
[Source "ChessBase"]
[SourceQuality "1"]

{[%evp 15,61,18,12,6,42,32,53,49,56,52,116,52,66,28,39,20,25,0,30,0,0,1,146,131,186,179,185,176,264,298,287,261,314,324,388,375,445,423,645,567,740,724,1185,1150,2879,2716,3239,3035]} 1. Nf3 Nf6 2. g3 d5 3. Bg2 c6 4. O-O Bf5 5. d3 h6 6. c4 e6 7. cxd5 exd5 8. Nd4 {A11: English Opening: 1...c6} (8. Qb3 Qb6 9. Qc2 Be7 10. Nc3 O-O 11. e4 Bh7 12. Be3 Qa6 13. Rad1 Nbd7 14. h3 Rad8 15. Rfe1 Bb4 {1-0 (38) Matlakov,M (2694)-Mchedlishvili,M (2601) Doha 2016}) 8... Bh7 {LiveBook: 6 Games} 9. e4 {[%cal Be2e4,Be4e5][%mdl 32]} Bc5 $146 ({Predecessor:} 9... dxe4 10. dxe4 Bc5 11. Nb3 Qxd1 12. Rxd1 Bb6 13. Nc3 O-O 14. Re1 Re8 15. Be3 Na6 {½-½ (27) Kosic,D (2511)-Matsenko,S (2447) Budapest 2008}) 10. Nb3 $1 {[%cal Rb3c5] White is slightly better.} Be7 11. e5 Nfd7 {[%cal Bf6d7,Bd7b6,Bb6c4][%mdl 32]} 12. d4 Na6 ({Black should play} 12... a5 $14) 13. a3 (13. f4 $1 $16) 13... Nc7 14. Nc3 a5 15. a4 Nb6 16. Qe2 Qd7 17. Nd1 Nc4 18. f4 Bg6 (18... Na6 $11) 19. Nc5 $16 Bxc5 (19... Qc8 $16) 20. dxc5 $18 Qe7 21. Qf2 Bd3 {[#]} (21... O-O {was worth a try.}) 22. Re1 $1 ({Weaker is} 22. b3 Bxf1 23. Bxf1 {[#]} Nxe5 $1 $11 {[%mdl 512]}) 22... Na6 23. b3 Qxc5 24. bxc4 dxc4 25. Be3 Qe7 26. Nb2 {[%cal Bd1b2,Bb2d3,Bd3c5][%mdl 32] White is clearly winning.} O-O-O (26... O-O $142 27. Rad1 Qb4 28. Nxd3 cxd3 29. Rxd3 Qxa4) 27. Bb6 Rd7 28. Bh3 Nb4 29. Red1 Nc2 30. Nxd3 Kb8 31. Nc5 {Precision: White = 68%, Black = 37%.} 1-0

[Event "IOM Open-Masters 2017"]
[Site "Douglas"]
[Date "2017.09.26"]
[Round "4"]
[White "Brown, Michael William"]
[Black "Kolbus, Dietmar"]
[Result "1-0"]
[WhiteElo "2499"]
[BlackElo "2320"]
[Annotator "TA"]
[PlyCount "177"]
[EventDate "2017.??.??"]
[EventType "swiss"]
[EventCountry "GBR"]
[SourceTitle "playchess.com"]
[Source "ChessBase"]
[SourceQuality "1"]

{[%evp 9,177,15,22,20,26,11,29,28,26,29,35,33,27,4,13,0,0,0,0,0,0,0,0,3,7,6,0,1,9,2,41,0,0,0,74,86,103,96,112,108,107,114,78,18,23,18,18,24,83,78,92,88,81,84,93,85,78,94,131,121,153,153,152,152,159,129,284,267,305,297,299,252,369,206,204,212,237,157,238,189,233,232,267,260,271,246,308,300,395,213,188,69,90,8,8,8,10,8,20,14,19,56,56,0,103,162,156,141,172,66,66,52,67,66,214,224,485,477,624,618,664,664,642,639,745,704,5135,397,256,0,5128,5121,5121,5121,5121,5121,5114,5114,5114,5092,5092,5085,5092,5092,29958,29950,12827,5886,5085,5085,29967,29969,29961,5077,5077,5077,4719,679,3771,3479,29988,29989,29989,29990,29990,29991,29991,29992,29992,29993]} 1. d4 d5 2. c4 c6 3. Bf4 dxc4 (3... Nf6 4. cxd5 cxd5 5. Nc3 Nc6 6. e3 a6 7. Bd3 Bg4 8. Nge2 e6 9. O-O Be7 10. a3 O-O 11. Na4 Nd7 12. Bg3 Bh4 13. Rc1 Bxg3 14. hxg3 e5 15. f3 Be6 16. Bb1 Qe7 17. Qd2 Rad8 {1-0 (46) Ipatov,A (2562)-Magem Badals,J (2552) Sabadell 2011}) 4. e3 Be6 5. Nf3 Nf6 {LiveBook: 3 Games} 6. Be2 $146 {D10: Slav Defence: 3 cxd5 (without early Nf3) and 3 Nc3} ({Predecessor:} 6. Nc3 h6 7. Ne5 Nd5 8. Bg3 Nb6 9. Be2 g6 10. Qc2 Na6 11. O-O {1-0 (53) Heiny,J (2264)-Lipka,J (2441) Austria 2012}) 6... Nbd7 7. O-O Nb6 8. Qc2 {White has an edge.} Bg4 9. h3 Bh5 10. Nbd2 e6 11. e4 Bb4 12. Nxc4 Bxf3 13. Bxf3 Qxd4 14. Ne5 Be7 15. a4 {[%cal Ba2a4,Ba4a5,Ba5a6][%mdl 32]} Nfd7 16. Rfd1 Qc5 17. Qxc5 Nxc5 18. a5 Nbd7 19. Nc4 Na6 20. Nd6+ Bxd6 $1 21. Bxd6 Rc8 (21... O-O-O $11 {keeps the balance.}) 22. Be2 $16 {[%mdl 1024] White has strong compensation.} Nc7 23. a6 $1 $36 {[%cal Ra6b7][%mdl 2048] White is really pushing.} b6 24. Rac1 Nb8 25. b4 b5 26. e5 (26. f4 $16) 26... Kd7 $11 27. Bxb5 Nxb5 28. Bxb8+ $1 Ke8 (28... Ke7 $11 {remains equal.} 29. Bd6+ Nxd6 30. Rxd6 (30. exd6+ Kd7 $17) 30... Rhd8) 29. Bd6 $1 $16 f5 30. exf6 gxf6 31. Rd2 Kf7 32. Bf4 e5 33. Be3 Ke6 34. f4 h5 35. fxe5 fxe5 36. Bf2 Kf5 37. Rd7 Rh6 $2 (37... Rhe8 $16 38. Kh2 (38. Bxa7 Ra8 $16) 38... Rcd8) 38. Bxa7 $18 c5 39. Bxc5 Rxa6 40. Rf1+ Ke4 (40... Ke6 $142 41. Re7+ Kd5 42. Rd1+ Nd4) 41. Rh7 (41. Re1+ $142 Kf5 42. Re7) 41... Re8 42. Rxh5 Kd3 43. Rf8 Ree6 (43... Rxf8 $16 44. Bxf8 Ke4) 44. Rb8 Ra1+ 45. Kh2 Nc3 46. Rd8+ Kc2 47. Rc8 Kb3 48. Rf5 Rd1 {[#]} 49. Rb8 (49. b5 $142 $1) 49... e4 {Black wants to play ...e3.} 50. b5 (50. Rff8 $1 $18) 50... e3 $14 {Strongly threatening ...e2.} 51. Bxe3 (51. b6 $16 {Black must now prevent b7.} e2 52. Bf2) 51... Rxe3 $11 52. b6 {With the idea Rc5.} Rd7 $1 53. Rc8 Rb7 54. Rc6 Kb4 55. h4 Re4 56. h5 ({White should try} 56. g3 $14) 56... Na4 (56... Ne2 $11 57. g3 Nd4) 57. h6 $16 Nxb6 58. Rh5 {Threatens to win with h7.} Re8 59. Rf6 (59. Rc1 $1 $18) 59... Nc4 $1 $14 60. Rf4 Rc7 61. g4 {[%cal Bg2g4,Bg4g5][%mdl 32]} Kc3 (61... Rc5 $1 $14) 62. Rh3+ $18 Kc2 $2 (62... Kb4 {was necessary.} 63. g5 Rc6) 63. Rf2+ $1 Nd2 64. g5 Rc6 65. Rg2 Rg6 {[#]} 66. Ra3 $1 Rd8 67. Ra2+ Kd1 {[#]} 68. Ra1+ $2 (68. Rgxd2+ $1 {[%mdl 512]} Rxd2+ 69. Rxd2+ Kxd2 70. h7 Rxg5 71. h8=Q) 68... Kc2 69. Ra2+ $2 (69. Kh1) 69... Kd1 $1 {[#]} 70. Raxd2+ $1 {[%mdl 512]} Rxd2 71. Rxd2+ Kxd2 72. h7 Rxg5 73. h8=Q {[%mdl 4096] Endgame Threatening mate with Qd8+. KQ-KR} Rd5 74. Kg3 Kd3 75. Kf4 Rd4+ 76. Ke5 Kc3 77. Qa8 Rc4 78. Qa3+ Kd2 79. Qf3 Rc3 80. Qf2+ Kd3 81. Qf1+ (81. Kd5 $142 Rc2 82. Qf3+ Kd2 83. Kd4 Ke1 84. Qh1+ Ke2 85. Qb1 Kd2 86. Qf1) 81... Ke3 82. Qe1+ Kd3 83. Qe4+ Kd2 {intending ...Re3.} 84. Kd4 {White threatens Qg2+ and mate.} Rc8 85. Qf4+ {White mates.} Ke1 86. Qg3+ Kd2 87. Qg5+ Ke1 88. Kd3 {[%cal Rg5g1]} Kf2 89. Qf5+ {Precision: White = 59%, Black = 46%.} 1-0

[Event "IOM Open-Masters 2017"]
[Site "Douglas"]
[Date "2017.09.26"]
[Round "4"]
[White "Nihal Sarin"]
[Black "Adhiban, B."]
[Result "0-1"]
[WhiteElo "2483"]
[BlackElo "2670"]
[Annotator "TA"]
[PlyCount "128"]
[EventDate "2017.??.??"]
[EventType "swiss"]
[EventCountry "GBR"]
[SourceTitle "playchess.com"]
[Source "ChessBase"]
[SourceQuality "1"]

{[%evp 21,128,6,23,5,10,12,20,20,29,-36,-33,-35,-40,-39,-33,-51,-67,-95,-89,-78,-84,-126,-102,-97,-31,-37,-23,-59,-81,-82,-1,-87,-94,-125,-114,-110,-60,-120,-128,-118,-33,-25,-33,-36,-24,-28,-33,-29,-33,-23,-21,-35,-28,-33,-31,-43,0,0,0,-43,-35,-45,-29,-33,-19,-74,-72,-66,-50,-101,-101,-101,-101,-101,-101,-101,-103,-107,-64,-425,-398,-685,-685,-549,-534,-2227,-2366,-4191,-4160,-2703,-1661,-1836,-481,-29968,-5210,-6070,-4196,-2437,-2393,-29971,-29971,-29974,-29976,-29976,-29976,-29976,-29977,-29977,-29978]} 1. c4 c5 2. g3 g6 3. Bg2 Bg7 4. Nc3 Nc6 5. a3 d6 6. Rb1 a5 7. e4 Nf6 {[%cal Bg8f6,Bf6e8,Be8c7,Bc7e6,Be6d4][%mdl 32]} 8. d3 O-O 9. Nge2 Ne8 10. Be3 Nc7 11. O-O Ne6 12. a4 {A36: Symmetrical English vs ...g6: 4 Bg2 Bg7} (12. Nb5) 12... Ned4 13. Nb5 Bg4 14. f3 {The position is equal.} Bd7 15. Bxd4 $146 (15. b3 $11) ({Predecessor:} 15. Nexd4 cxd4 16. Bd2 Qb6 17. f4 Nb4 18. Qe2 Qc5 19. f5 Bf6 20. Rf2 {1-0 (28) Maierhofer,J (2184)-Van de Haak,G (2176) ICCF email 2013}) 15... cxd4 $15 16. f4 Qb6 17. Kh1 Nb4 18. Ng1 f5 19. Qb3 Kh8 20. Rbe1 Rae8 21. e5 dxe5 22. fxe5 Na6 (22... Bh6 $17 23. Nh3 Be3) 23. Nf3 Nc5 24. Qc2 Rd8 25. Rd1 Bxb5 ({Better is} 25... Ne6 $17) 26. axb5 (26. cxb5 $11 Bh6 27. Qc4) 26... Bh6 $17 27. Qe2 Be3 28. Ne1 Qc7 29. Nc2 (29. e6 $1 $15) 29... Qxe5 30. Rfe1 {[%cal Rc2e3]} f4 (30... e6 $1 $17 31. Nxe3 dxe3 32. Qxe3 Qxe3 33. Rxe3 Rd4) 31. gxf4 $15 Rxf4 32. Nxe3 dxe3 33. Qxe3 Qxe3 34. Rxe3 e6 {White must now prevent ...Rxc4!} 35. Rf1 Rxf1+ 36. Bxf1 $11 {[%mdl 4096] Endgame KRB-KRN} Kg7 37. Kg2 Kf6 38. Kf3 Na4 39. Ke4 Nc5+ 40. Kf3 e5 41. Ke2 e4 42. dxe4 Ke5 43. b3 (43. Rh3 $11 {remains equal.}) 43... Rd4 {[%mdl 1024] Black has strong compensation.} ({Of course not} 43... Nxe4 44. Bg2 $11) 44. Bg2 Ne6 45. Bf3 (45. Ke1 $15) 45... Nf4+ $17 46. Ke1 b6 47. Rc3 Rd3 48. Rxd3 Nxd3+ {KB-KN} 49. Kd2 Kd4 50. h4 $2 {[%mdl 8192] [#]} ({White should play} 50. Bd1 $15) 50... h6 $1 $19 51. Bg2 $2 {[#]} (51. Bh1 Nc5 52. Kc2) 51... g5 $1 {[%cal Rg5h4]} 52. hxg5 hxg5 53. Bh3 Nc5 54. e5 Kxe5 55. Kc3 Ne4+ 56. Kb2 Kd4 (56... Nf2 $142 57. Bf1 Kd4) 57. Ka3 (57. Bf5 $19 Nc5 58. Bg4) 57... Kc5 (57... Nf2 $142 58. Bg2 g4 59. Ka4 g3 60. Bf3 Nd3 61. Bg2 Ne1 62. Bd5 Kc5 63. Ka3 g2 64. Bxg2 Nxg2 65. Ka2 Ne3 66. Ka1 Nc2+ 67. Kb1 Nd4 68. Kb2 Kb4 69. c5 Kxc5 70. Kc3 Ne6 71. Kc2 Kb4 72. Kb2 Nd4 73. Ka2 Nxb5 74. Kb2 Nd4 75. Kc1 Kxb3 76. Kd2 Kc4 77. Kc1 Kc3 78. Kb1 a4 79. Ka1 Kb3 80. Kb1 Ne2 81. Ka1 b5 82. Kb1 a3 83. Ka1 Nd4 84. Kb1 a2+ 85. Kc1 Kc3 86. Kd1 a1=Q#) 58. Bg2 Nf2 59. Kb2 Kd4 60. Ka3 g4 {[%cal Bg5g4,Bg4g3][%mdl 32] Black mates.} 61. b4 axb4+ 62. Kxb4 Nd3+ 63. Kb3 g3 64. Bf1 Kc5 {Precision: White = 35%, Black = 57%.} 0-1